People Management and Development / Human Resource Management at Work (Record no. 2762)
[ view plain ]
| 000 -LEADER | |
|---|---|
| fixed length control field | 01580cam a22002294a 4500 |
| 005 - ΗΜΕΡΟΜΗΝΙΑ ΚΑΙ ΩΡΑ ΤΕΛΕΥΤΑΙΑΣ ΕΝΗΜΕΡΩΣΗΣ | |
| Πεδίο ελέγχου | 20250605164053.0 |
| 008 - FIXED-LENGTH DATA ELEMENTS--GENERAL INFORMATION | |
| Πεδίο ελέγχου σταθερού μήκους | 250528s ||||||||||||||||||||||||d |
| 035 ## - SYSTEM CONTROL NUMBER | |
| System control number | 17335 |
| 020 ## - ISBN | |
| ISBN | 852929269 |
| 040 ## - ΠΗΓΗ ΚΑΤΑΛΟΓΟΓΡΑΦΗΣΗΣ | |
| Φορέας πρωτότυπης καταλογογράφησης | MC Athens Campus Library |
| Γλώσσα καταλογογράφησης | Ελληνικά, Μοντέρνα (1453-) |
| Modifying agency | MC Athens Campus Library |
| Κανόνες περιγραφικής καταλογογράφησης | AACR2 |
| 245 1# - ΤΙΤΛΟΣ ΚΑΙ ΔΗΛΩΣΗ ΥΠΕΥΘΥΝΟΤΗΤΑΣ | |
| Τίτλος | People Management and Development / Human Resource Management at Work |
| 250 ## - EDITION STATEMENT | |
| Edition statement | 2nd |
| 260 ## - PUBLICATION, DISTRIBUTION, ETC. | |
| Date of publication, distribution, etc. | 2002 |
| 300 ## - PHYSICAL DESCRIPTION | |
| Extent | 608 |
| 520 ## - SUMMARY, ETC. | |
| Summary, etc. | This book meets the demands of the new CIPD standard in People Management and Development. Acknowledgements, Introduction, Human Resource Management at Work, Shaping the PMED Agenda, The Changing Nature of Work and Employment, The Legal Framework for HRM, Institutional Forces Shaping HRM at Work, The PMEG Contribution, Research and Change Management Skills, The Professional and Ethical Contribution of HRM, Integrating the PMEG Contribution, Exploring the Links between Business Strategy and HRM, Changing Responsibilities for the Management of HRM, PMEG in Practice, Managing Performance for Added Value, Maximizing the Skills and Contributions of People, Managing the Learning and Development Process, Structures and Processes for Effective Employee Relations, Motivating Staff and Rewarding Contributions, Delivering Equity and Fairness in Rewards, Review, Reviewing HRM at Work - Sample Examination Questions and Guidelines for Tackling Exams, Bibliography, Index. |
| 700 1# - ΠΡΟΣΘΕΤΗ ΑΝΑΓΡΑΦΗ--ΦΥΣΙΚΟ ΠΡΟΣΩΠΟ | |
| Personal name | Marchington Mick |
| 9 (RLIN) | 3497 |
| 700 1# - ΠΡΟΣΘΕΤΗ ΑΝΑΓΡΑΦΗ--ΦΥΣΙΚΟ ΠΡΟΣΩΠΟ | |
| Personal name | Wilkinson Adrian |
| 9 (RLIN) | 3498 |
| 710 2# - ΠΡΟΣΘΕΤΗ ΑΝΑΓΡΑΦΗ--ΣΥΛΛΟΓΙΚΟ ΟΡΓΑΝΟ | |
| Corporate name or jurisdiction name as entry element | Chartered Institute Of Personnel And Development |
| 9 (RLIN) | 9742 |
| 942 ## - ADDED ENTRY ELEMENTS (KOHA) | |
| Koha item type | Books |
| Τύπος τεκμηρίου | Βιβλιοθήκη | Τρέχουσα τοποθεσία | Barcode | Αριθμός εισαγωγής | Ημερομηνία απόκτησης | Ταξιθετικό σύμβολο | Αριθμός αντιτύπου | Κατάσταση απόσυρσης | Κατάσταση χαμένου | Κατάσταση κατεστραμμένου | Μη δανεισμός | Σύνολο δανεισμών | Ημερομηνία τελευταίας εμφάνισης | Η τιμή ισχύει από |
|---|---|---|---|---|---|---|---|---|---|---|---|---|---|---|
| Books | MC Athens Campus Library | MC Athens Campus Library | 9780000027610 | 1011 | 05/06/2025 | 658.3 MAR | 1 | 05/06/2025 | 05/06/2025 |